[Event "GER Cup Net V2 U1600"]
[Site "Playchess.com INT"]
[Date "2020.05.22"]
[Round "2"]
[White "Steimle, Markus"]
[Black "Winkler, Andreas1111"]
[Result "1-0"]
[WhiteElo "1295"]
[BlackElo "1470"]
[PlyCount "75"]
[EventDate "2020.05.22"]
[EventType "swiss (blitz)"]
[EventRounds "9"]
[EventCountry "GER"]
[SourceTitle "EXT 2021"]
[Source "ChessBase"]
[SourceDate "2020.10.23"]
[SourceVersion "1"]
[SourceVersionDate "2020.10.23"]
[SourceQuality "1"]

1. d4 d5 2. Nf3 Nf6 3. e3 e6 4. Bd3 Bd6 5. c3 0-0 6. 0-0 b6 7. Nbd2 Bb7 8. e4 dxe4 9. Nxe4 Nxe4 10. Re1 Nf6 11. h3 Nbd7 12. Bd2 Re8 13. Qc2 h6 14. a3 Nf8 15. Rad1 Rc8 16. b4 a6 17. a4 Qd7 18. b5 a5 19. c4 Bb4 20. Bxb4 axb4 21. Qb3 c5 22. dxc5 Qe7 23. c6 Ba8 24. Rb1 Ng6 25. Bxg6 fxg6 26. Ne5 g5 27. Qe3 Nh5 28. Ng6 Qf6 29. Ne5 Nf4 30. Nd7 Qf7 31. Nxb6 Rcd8 32. Nd7 Rxd7 33. cxd7 Qe7 34. dxe8Q+ Qxe8 35. Qc5 Bxg2 36. Qxb4 Qa8 37. Rxe6 Nxh3+ 38. Kh2 1-0

[Event "GER Cup Net V1 U1600"]
[Site "Playchess.com INT"]
[Date "2020.05.19"]
[Round "4"]
[White "Schroeder, Marcel"]
[Black "Steimle, Markus"]
[Result "1-0"]
[WhiteElo "1587"]
[BlackElo "1324"]
[PlyCount "139"]
[EventDate "2020.05.19"]
[EventType "swiss (blitz)"]
[EventRounds "9"]
[EventCountry "GER"]
[SourceTitle "EXT 2021"]
[Source "ChessBase"]
[SourceDate "2020.10.23"]
[SourceVersion "1"]
[SourceVersionDate "2020.10.23"]
[SourceQuality "1"]

1. c4 e6 2. Nc3 c6 3. e4 d5 4. cxd5 cxd5 5. exd5 exd5 6. d4 Nf6 7. Nf3 Bb4 8. a3 Ba5 9. Bb5+ Nc6 10. 0-0 0-0 11. Re1 Bd7 12. Bd3 Re8 13. Rxe8+ Qxe8 14. Bg5 Bd8 15. Bc2 Be7 16. Qd3 h6 17. Bxf6 Bxf6 18. Qh7+ Kf8 19. Qh8+ Ke7 20. Re1+ Be6 21. Qh7 Kd7 22. Qd3 Rd8 23. Ba4 Kc7 24. b4 Qe7 25. b5 Na5 26. Rc1 Kb8 27. Nd2 Qxa3 28. Qc2 Qd6 29. Nb3 Nc4 30. Nd2 Nxd2 31. Qxd2 Qb4 32. Rb1 Qxd4 33. Qxd4 Bxd4 34. Ne2 Bb6 35. Rc1 Rc8 36. Rxc8+ Bxc8 37. Bb3 Be6 38. Nf4 Kc7 39. Bxd5 Bxd5 40. Nxd5+ Kd6 41. Nc3 a6 42. bxa6 bxa6 43. Kf1 a5 44. Na4 Kc6 45. Ke2 Kb5 46. Nxb6 Kc6 47. Na4 Kb5 48. Nc3+ Kb4 49. Nd5+ Kb3 50. Kd2 a4 51. Nc3 a3 52. f4 a2 53. Nxa2 Kxa2 54. Kd3 Kb3 55. Kd4 Kb4 56. Kd5 Kb5 57. g3 Kb6 58. Kd6 Kb7 59. Ke7 Kc6 60. Kxf7 Kd5 61. Kxg7 Ke6 62. Kg6 Ke7 63. Kg7 h5 64. h3 Ke6 65. g4 hxg4 66. hxg4 Ke7 67. f5 Ke8 68. f6 Kd7 69. f7 Ke7 70. f8Q+ 1-0

[Event "GER Cup Net V1 U1600"]
[Site "Playchess.com INT"]
[Date "2020.05.19"]
[Round "5"]
[White "Steimle, Markus"]
[Black "Schneider, Martin3333"]
[Result "0-1"]
[WhiteElo "1315"]
[BlackElo "1620"]
[PlyCount "64"]
[EventDate "2020.05.19"]
[EventType "swiss (blitz)"]
[EventRounds "9"]
[EventCountry "GER"]
[SourceTitle "EXT 2021"]
[Source "ChessBase"]
[SourceDate "2020.10.23"]
[SourceVersion "1"]
[SourceVersionDate "2020.10.23"]
[SourceQuality "1"]

1. d4 Nf6 2. Nf3 c5 3. e3 cxd4 4. exd4 d5 5. c3 e6 6. Bd3 Nc6 7. 0-0 Be7 8. Re1 0-0 9. Be3 a6 10. Nbd2 b5 11. Nb3 Na5 12. Nxa5 Qxa5 13. b4 Qc7 14. a3 Qxc3 15. Qe2 Qc7 16. Rec1 Qd7 17. Ne5 Qb7 18. Nc6 Bd6 19. Na5 Qd7 20. Rc6 Ra7 21. Rac1 Bb7 22. Nxb7 Rxb7 23. Rxa6 Ra7 24. Bxb5 Qb7 25. Rxa7 Qxa7 26. Ba6 Ra8 27. Qc4 dxc4 28. Bxc4 Qxa3 29. b5 Ng4 30. h3 Nxe3 31. fxe3 Qxc1+ 32. Kf2 Qxc4 0-1

[Event "GER Cup Net V1 U1600"]
[Site "Playchess.com INT"]
[Date "2020.05.19"]
[Round "1"]
[White "Steimle, Markus"]
[Black "Winkler, Andreas1111"]
[Result "0-1"]
[WhiteElo "1316"]
[BlackElo "1537"]
[PlyCount "92"]
[EventDate "2020.05.19"]
[EventType "swiss (blitz)"]
[EventRounds "9"]
[EventCountry "GER"]
[SourceTitle "EXT 2021"]
[Source "ChessBase"]
[SourceDate "2020.10.23"]
[SourceVersion "1"]
[SourceVersionDate "2020.10.23"]
[SourceQuality "1"]

1. d4 d5 2. Nf3 Nf6 3. e3 e6 4. Bd3 Be7 5. 0-0 0-0 6. c3 Nbd7 7. Nbd2 c5 8. e4 c4 9. Bc2 b5 10. e5 Ne4 11. Nxe4 dxe4 12. Bxe4 Rb8 13. Be3 Bb7 14. Bxb7 Rxb7 15. Re1 h6 16. h3 a5 17. Qe2 Nb6 18. Reb1 Nd5 19. Bd2 Rc7 20. b3 Rc8 21. bxc4 bxc4 22. a4 Rb8 23. Bc1 Rxb1 24. Rxb1 Nxc3 25. Qxc4 Nxb1 26. Qb5 Bb4 27. Kf1 Nc3 28. Qc6 Qc8 29. Qxc8 Rxc8 30. Bd2 Nxa4 31. Bxb4 axb4 32. Nd2 Rc1+ 33. Ke2 Nc3+ 34. Kd3 Rb1 35. Nc4 Rf1 36. f3 Rf2 37. g4 Rxf3+ 38. Kc2 Rxh3 39. Kb3 Nd5+ 40. Ka4 b3 41. Nb2 Kh7 42. Kb5 Kg6 43. Kc4 Kg5 44. Nd3 Rxd3 45. Kxd3 Kxg4 46. Kc4 b2 0-1

[Event "Baden-ch U1400"]
[Site "Walldorf"]
[Date "2017.07.29"]
[Round "6"]
[White "Sauter, Yannick"]
[Black "Steimle, Markus"]
[Result "0-1"]
[WhiteElo "1130"]
[BlackElo "1363"]
[PlyCount "64"]
[EventDate "2017.07.26"]
[EventType "swiss"]
[EventRounds "7"]
[EventCountry "GER"]
[SourceTitle "EXT 2018"]
[Source "ChessBase"]
[SourceDate "2017.10.13"]
[SourceVersion "1"]
[SourceVersionDate "2017.10.13"]
[SourceQuality "1"]

1. e4 e6 2. d4 d5 3. Nc3 Nf6 4. Bd3 c5 5. dxc5 Bxc5 6. exd5 Nxd5 7. Nxd5 Qxd5 8. Nf3 0-0 9. c4 Bb4+ 10. Ke2 Qh5 11. Qc2 Nd7 12. Be3 Nf6 13. h3 b6 14. Rag1 Bb7 15. g4 Qa5 16. a3 Be7 17. g5 Nh5 18. Bxh7+ Kh8 19. Rg4 f5 20. gxf6 Nxf6 21. Rh4 Bxf3+ 22. Kxf3 Nh5+ 23. Ke2 Bxh4 24. Qg6 Qe5 25. Rg1 Nf4+ 26. Kf1 Nxg6 27. Bxg6 Rad8 28. Bc2 Qxe3 29. Rg2 Qc1+ 30. Ke2 Qd2+ 31. Kf1 Rxf2+ 32. Rxf2 Qxf2# 0-1

[Event "Baden-ch U1400"]
[Site "Walldorf"]
[Date "2017.07.29"]
[Round "5"]
[White "Steimle, Markus"]
[Black "Ivanov, Peter"]
[Result "1-0"]
[WhiteElo "1363"]
[BlackElo "1134"]
[PlyCount "61"]
[EventDate "2017.07.26"]
[EventType "swiss"]
[EventRounds "7"]
[EventCountry "GER"]
[SourceTitle "EXT 2018"]
[Source "ChessBase"]
[SourceDate "2017.10.13"]
[SourceVersion "1"]
[SourceVersionDate "2017.10.13"]
[SourceQuality "1"]

1. d4 d5 2. Nf3 e6 3. e3 Nf6 4. Bd3 Be7 5. 0-0 0-0 6. Nbd2 Nbd7 7. Re1 c5 8. c3 c4 9. Bc2 Nb6 10. e4 dxe4 11. Nxe4 Nxe4 12. Bxe4 Bf6 13. Ne5 Qc7 14. Qe2 Bxe5 15. dxe5 g6 16. Bf3 Bd7 17. Bh6 Rfd8 18. Qe3 Bc6 19. Bxc6 bxc6 20. Qf3 Qe7 21. Qxc6 Rd2 22. Bxd2 Rd8 23. Rad1 Qh4 24. Be3 Rc8 25. Qb7 Re8 26. Bxb6 axb6 27. Qxb6 Rf8 28. Qd4 Qg5 29. Qxc4 f6 30. Qxe6+ Rf7 31. exf6 1-0